[Event "SVK-chT2D 0809"]
[White "Perhacs, Gejza"]
[Black "Konak, Jan"]
[Site "Slovakia"]
[Round "11.2"]
[Result "1-0"]
[Date "2009.03.01"]
[WhiteElo "1965"]
[BlackElo "2122"]
[PlyCount "73"]
[EventDate "2008.10.11"]
[EventType "team-tourn"]
[EventRounds "11"]
[EventCountry "SVK"]
[SourceTitle "EXT 2010"]
[Source "ChessBase"]
[SourceDate "2010.11.25"]
[SourceVersion "1"]
[SourceVersionDate "2010.11.25"]
[SourceQuality "1"]
[WhiteTeam "Velke Kapusany Energetik"]
[BlackTeam "Spisska Nova Ves"]
[WhiteTeamCountry "SVK"]
[BlackTeamCountry "SVK"]

1. d4 Nf6 2. c4 g6 3. Nc3 Bg7 4. e4 d6 5. Nf3 0-0 6. Be2 Bg4 7. 0-0 Nfd7 8. Be3 Bxf3 9. Bxf3 e5 10. d5 a5 11. Be2 Na6 12. a3 f5 13. f3 f4 14. Bf2 Rf7 15. Rb1 Bf8 16. b4 axb4 17. axb4 Nab8 18. Ra1 Rxa1 19. Qxa1 Na6 20. Qa5 Qc8 21. Ra1 g5 22. c5 dxc5 23. Bxa6 cxb4 24. Bc4 bxc3 25. d6 Bxd6 26. Bxf7+ Kxf7 27. Qxc3 b6 28. Qc6 Nc5 29. Ra8 Qe6 30. Kh1 Nd3 31. Bg1 Kg6 32. h3 Nb4 33. Qb5 Kf7 34. Rh8 Kg7 35. Re8 Qf7 36. Rd8 Qe7 37. Rd7 1-0

[Event "SVK-chT2D 0809"]
[White "Perhacs, Gejza"]
[Black "Skovran, Jaroslav"]
[Site "Slovakia"]
[Round "2.4"]
[Result "1/2-1/2"]
[Date "2008.10.12"]
[WhiteElo "1965"]
[BlackElo "2054"]
[PlyCount "55"]
[EventDate "2008.10.11"]
[EventType "team-tourn"]
[EventRounds "11"]
[EventCountry "SVK"]
[SourceTitle "EXT 2010"]
[Source "ChessBase"]
[SourceDate "2010.11.25"]
[SourceVersion "1"]
[SourceVersionDate "2010.11.25"]
[SourceQuality "1"]
[WhiteTeam "Velke Kapusany Energetik"]
[BlackTeam "Sabinov II"]
[WhiteTeamCountry "SVK"]
[BlackTeamCountry "SVK"]

1. d4 d5 2. Nf3 Nf6 3. g3 g6 4. Bg2 Bg7 5. 0-0 0-0 6. c4 e6 7. b3 c6 8. Bb2 Nbd7 9. Nbd2 Re8 10. Qc2 b6 11. e4 Ba6 12. Rfe1 Rc8 13. b4 Nxe4 14. Nxe4 dxe4 15. Rxe4 Qc7 16. Rd1 Nf6 17. Ree1 Bb7 18. Ne5 a6 19. c5 b5 20. Bc1 Nd5 21. Bxd5 exd5 22. Bf4 Qd8 23. Qd2 f6 24. Nf3 Qd7 25. Rxe8+ Rxe8 26. Re1 Kf7 27. Rxe8 Qxe8 28. Qe3 1/2-1/2

[Event "SVK-chT2D 0809"]
[White "Banoci, Jaroslav"]
[Black "Perhacs, Gejza"]
[Site "Slovakia"]
[Round "1.3"]
[Result "1/2-1/2"]
[Date "2008.10.11"]
[WhiteElo "2039"]
[BlackElo "1965"]
[PlyCount "83"]
[EventDate "2008.10.11"]
[EventType "team-tourn"]
[EventRounds "11"]
[EventCountry "SVK"]
[SourceTitle "EXT 2010"]
[Source "ChessBase"]
[SourceDate "2010.11.25"]
[SourceVersion "1"]
[SourceVersionDate "2010.11.25"]
[SourceQuality "1"]
[WhiteTeam "Presov Prvy Sk"]
[BlackTeam "Velke Kapusany Energetik"]
[WhiteTeamCountry "SVK"]
[BlackTeamCountry "SVK"]

1. d4 Nf6 2. Nf3 g6 3. Bg5 Bg7 4. e3 0-0 5. Bd3 d6 6. h3 Nbd7 7. Nbd2 c5 8. c3 Re8 9. 0-0 Qc7 10. e4 e5 11. d5 h6 12. Be3 a6 13. a4 Nf8 14. Kh2 Bd7 15. Qe2 Nh5 16. g3 f5 17. exf5 gxf5 18. Nxe5 Rxe5 19. Qxh5 f4 20. Qf3 fxe3 21. fxe3 Be8 22. Nc4 Re7 23. e4 Ng6 24. Ne3 Ne5 25. Qe2 Bg6 26. Bc2 Rf8 27. Rf4 Ref7 28. Ng2 Qd7 29. Raf1 Bh7 30. Ne3 Bg6 31. Kg2 b5 32. a5 Qd8 33. b4 c4 34. Qd2 Qg5 35. h4 Qe7 36. Nf5 Bxf5 37. exf5 Qa7 38. g4 Qe7 39. Kh3 Bf6 40. Qf2 Qa7 41. Qg3 Rg7 42. Re4 1/2-1/2

[Event "SVK-chT2D 0708"]
[White "Chudy, Rastislav"]
[Black "Perhacs, Gejza"]
[Site "Slovakia"]
[Round "11.6"]
[Result "1-0"]
[Date "2008.03.12"]
[WhiteElo "2105"]
[BlackElo "1957"]
[PlyCount "64"]
[EventDate "2007.10.06"]
[EventType "team-tourn"]
[EventRounds "11"]
[EventCountry "SVK"]
[SourceTitle "EXT 2010"]
[Source "ChessBase"]
[SourceDate "2010.11.25"]
[SourceVersion "1"]
[SourceVersionDate "2010.11.25"]
[SourceQuality "1"]
[WhiteTeam "Kezmarok KdV II"]
[BlackTeam "Velke Kapusany Energetik"]
[WhiteTeamCountry "SVK"]
[BlackTeamCountry "SVK"]

1. d4 Nf6 2. c4 g6 3. Nc3 Bg7 4. e4 d6 5. Nf3 0-0 6. Be2 Nbd7 7. h3 e5 8. d5 Nc5 9. Qc2 a5 10. Be3 b6 11. g4 Bd7 12. a4 Na6 13. Qd2 Nb4 14. Nh2 Ne8 15. b3 Rb8 16. 0-0-0 f5 17. gxf5 gxf5 18. Bg5 Qc8 19. f3 Nf6 20. Rdg1 f4 21. Bh6 Ne8 22. Rg5 Kh8 23. Bxg7+ Nxg7 24. Rhg1 Ne8 25. Qe1 Nf6 26. Qh4 Qe8 27. Qh6 Qe7 28. Nb5 Na6 29. Ng4 Bxg4 30. hxg4 Rg8 31. Rxg8+ Rxg8 32. Rh1 Rg6 1-0

[Event "SVK-chT2D 0708"]
[White "Perhacs, Gejza"]
[Black "Turzak, Milan1"]
[Site "Slovakia"]
[Round "1.4"]
[Result "1-0"]
[Date "2007.10.06"]
[WhiteElo "1957"]
[BlackElo "1711"]
[PlyCount "77"]
[EventDate "2007.10.06"]
[EventType "team-tourn"]
[EventRounds "11"]
[EventCountry "SVK"]
[SourceTitle "EXT 2010"]
[Source "ChessBase"]
[SourceDate "2010.11.25"]
[SourceVersion "1"]
[SourceVersionDate "2010.11.25"]
[SourceQuality "1"]
[WhiteTeam "Velke Kapusany Energetik"]
[BlackTeam "Gelnica Slovan"]
[WhiteTeamCountry "SVK"]
[BlackTeamCountry "SVK"]

1. d4 Nf6 2. c4 e5 3. d5 Bc5 4. e3 d6 5. Be2 0-0 6. Nf3 Bf5 7. Nc3 Nbd7 8. Nh4 Bg6 9. Nxg6 fxg6 10. 0-0 Bb4 11. Qc2 a5 12. Na4 Qe7 13. a3 Bc5 14. Nxc5 Nxc5 15. b3 Rf7 16. Bb2 Raf8 17. b4 axb4 18. axb4 Ncd7 19. Ra7 Rb8 20. f3 c6 21. dxc6 bxc6 22. Qa4 Nb6 23. Rxe7 Nxa4 24. Rxf7 Kxf7 25. Ba3 d5 26. cxd5 Nxd5 27. Bc4 Nab6 28. Bb3 Ke7 29. b5+ Kd7 30. Rd1 Kc7 31. e4 Nc3 32. Bd6+ Kb7 33. bxc6+ Kxc6 34. Bxb8 Nxd1 35. Bxd1 Nc4 36. Bb3 Nd2 37. Bd5+ Kd7 38. Bxe5 Ke7 39. Bxg7 1-0